| LDR | | 00000nmm u2200205 4500 |
| 001 | | 000000330302 |
| 005 | | 20241029095417 |
| 008 | | 181129s2018 ||| | | | eng d |
| 020 | |
▼a 9780438359901 |
| 035 | |
▼a (MiAaPQ)AAI10843069 |
| 035 | |
▼a (MiAaPQ)purdue:23084 |
| 040 | |
▼a MiAaPQ
▼c MiAaPQ
▼d 248032 |
| 049 | 1 |
▼f DP |
| 082 | 0 |
▼a 620 |
| 100 | 1 |
▼a Kong, Ran. |
| 245 | 10 |
▼a Characterization of Horizontal Air-water Two-phase Flow in Different Pipe Sizes. |
| 260 | |
▼a [S.l.] :
▼b Purdue University.,
▼c 2018 |
| 260 | 1 |
▼a Ann Arbor :
▼b ProQuest Dissertations & Theses,
▼c 2018 |
| 300 | |
▼a 611 p. |
| 500 | |
▼a Source: Dissertation Abstracts International, Volume: 80-01(E), Section: B. |
| 500 | |
▼a Adviser: Seungjin Kim. |
| 502 | 1 |
▼a Thesis (Ph.D.)--Purdue University, 2018. |
| 520 | |
▼a The highly asymmetric void distribution in horizontal two-phase flow due to buoyancy adds further complications to the study of horizontal flow, both experimentally and analytically. As such, there has been limited research on horizontal two-pha |
| 590 | |
▼a School code: 0183. |
| 650 | 4 |
▼a Engineering. |
| 650 | 4 |
▼a Nuclear engineering. |
| 650 | 4 |
▼a Mechanical engineering. |
| 690 | |
▼a 0537 |
| 690 | |
▼a 0552 |
| 690 | |
▼a 0548 |
| 710 | 20 |
▼a Purdue University.
▼b Nuclear Engineering. |
| 773 | 0 |
▼t Dissertation Abstracts International
▼g 80-01B(E). |
| 773 | |
▼t Dissertation Abstract International |
| 790 | |
▼a 0183 |
| 791 | |
▼a Ph.D. |
| 792 | |
▼a 2018 |
| 793 | |
▼a English |
| 856 | 40 |
▼u http://www.riss.kr/pdu/ddodLink.do?id=T14999894
▼n KERIS |
| 980 | |
▼a 201812
▼f 2019 |
| 990 | |
▼a 관리자
▼b 관리자 |